000 00467nam a22001817a 4500
005 20230110141053.0
008 221217b |||||||| |||| 00| 0 eng d
020 _a978-81-947082-8-5
041 _aeng
082 _a615.3 KUM-M
100 _aKUMAR , PADMAJA UDAY
_97369
245 _aMEDICAL PHARMACOLOGY
250 _a7th ed.
260 _aNEW DELHI
_bCBS PUBLISHERS & DISTRIBUTORS
300 _a769;P.
650 _aPHARMACY
_xB.PHARMA
_97083
942 _cBK
999 _c8083
_d8081